000 01224nam0a22002771 4500
001 rc\745857
005 20260406192724.0
035 _a(NLR Aleph) 006274719
090 _a6986892
_c6986892
100 _a20040301d1985 |||y0rusy50 ca
101 0 _arus
102 _aRU
105 _ay |||||||||
200 1 _aУкрепление правопорядка и усиление охраны социалистической собственности
_f[Миренский Б.А., Хакимов И.Х., Каракетов Ю.М. и др.
_gОтв. ред. Г.А. Ахмедов]
210 _aТашкент
_cФан
_d1985
215 _a142 с.
_d21
300 _aАвт. указаны в огл.
300 _aВ надзаг.: АН УзССР, Ин-т философии и права им. И.М. Муминова
701 1 _aМиренский
_bБ.А.
_gБорис Аронович
702 1 _aАхмедов
_bГ.А.
_gГулям Ахмедович
_4340
712 0 2 _aИнститут философии и права им. И.М.Муминова
_cТашкент
_3RU\NLR\AUTH\889955296
_9406664
801 0 _aRU
_bNLR
_gpsbo
801 1 _aRU
_bELAR
_2rusmarc
852 _aNLR
_j86-5/1672
942 _cBOOK
980 _aNB